اكتمل التصدير — 

Madāʼin al-ṣaḥrāʼ /

محفوظ في:

المؤلف الرئيسي: Wākid, ʿAbd-al-Laṭīf (مؤلف)

التنسيق: كتاب

اللغة: Arabic

منشور في: [Cairo : Maktabat al-Anjlū al-Miṣrīyah], 1950.

الموضوعات:

الوسوم: إضافة وسم

لا توجد وسوم, كن أول من يضع وسما على هذه التسجيلة!

رقم الطلب: DT55 .W25 1950

LEADER 00993nam a2200241Ia 4500
003 OSt
005 20230503105554.0
008 130303s1950 ua a 000 0 ara d
952 |0 0  |1 0  |2 lcc  |4 0  |6 DT0055 W25 01950  |7 1  |9 47190  |a ARCE  |b ARCE  |d 2023-05-03  |l 0  |o DT55 .W25 1950  |p 1021125  |r 2023-05-03 00:00:00  |w 2023-05-03  |y BK 
999 |c 27276  |d 27276 
040 |c ARCE Library 
043 |a f-ua--- 
050 4 |a DT55 .W25 1950 
100 1 |6 880-01  |a Wākid, ʿAbd-al-Laṭīf,  |e author  |9 41824 
245 1 0 |6 880-02  |a Madāʼin al-ṣaḥrāʼ /  |c ʻAbd al-Laṭīf Wākid. 
264 1 |a [Cairo :  |b Maktabat al-Anjlū al-Miṣrīyah],  |c 1950. 
300 |a 210, [6] pages :  |b illustrations,  |c 21 cm. 
650 0 |a Cities and towns  |z Egypt. 
651 0 |a Egypt  |x Description and travel. 
880 1 |6 100-01/(3/r  |a واكد، عبد اللطيف 
880 1 0 |6 245-02/(3/r  |a مدائن الصحراء   |c عبد اللطيف واكد.‪‪‪‪‪‪‪‪‪‪‪‪‪‪‪‪‪‪ 
901 |a reviewed 
942 |c BK  |2 lcc